000 01568nam a2200457 i 4500
001 5181
003 KOSZ 005
005 20190731114550.0
008 991116s1982 pl |000 0 pol
015 _aPB 1982/3081
020 _a8301043725
035 _a(PL-WaBN)b13254364-48omnis_nlop
035 _ab13254364
035 _a(OCoLC)749262111
035 _a(PL)b0000013254364
040 _aWA N
_cWA N
_dKOSZ 005/HR
041 0 _apol
046 _k1981
080 _a349.442(438)
100 1 _aJędrzejewski, Stanisław
_d(1922-2014).
_eAutor
245 1 0 _aNowe prawo budowlane /
_cStanisław Jędrzejewski.
250 _aWyd. 2 uzup.
260 _aWarszawa ;
_aPoznań [etc.] :
_bPańst. Wydaw. Naukowe,
_c1982.
300 _a87, [1] s. ;
_c21 cm.
336 _2rdacontent
_aTekst
_btxt
337 _2rdamedia
_aBez urządzenia pośredniczącego
338 _2rdacarrier
_aWolumin
_bnc
380 _aKsiążki
388 _a1901-2000
490 1 _aPrace Popularnonaukowe / Towarzystwo Naukowe w Toruniu. Biblioteczka Prawnicza,
_x0138-0508 ;
_vnr 1
500 _aSer. gł. : 0079-4805; nr 32.
650 7 _aPrawo budowlane
658 _aArchitektura i budownictwo
658 _aPrawo i wymiar sprawiedliwości
651 4 _aPolska
830 0 _aBiblioteczka Prawnicza ;
_vnr 1
830 0 _aPrace Popularnonaukowe - Towarzystwo Naukowe w Toruniu
_v32
856 _uhttp://koha.tu.koszalin.pl/cgi-bin/koha/opac-detail.pl?biblionumber=5181
_yKatalog online BPK
942 _2UKD
_cKS
999 _c5181
_d5181